ARRUPE JESUIT UNIVERSITY

CORONAVIRUS -STOP THE SPREAD - CLEAN,DISINFECT,COVER

Africa and the international economy, 1800-1960 (Record no. 9212)

MARC details
000 -LEADER
fixed length control field 00554nam a2200205Ia 4500
003 - CONTROL NUMBER IDENTIFIER
control field 0100
008 - FIXED-LENGTH DATA ELEMENTS--GENERAL INFORMATION
fixed length control field 130303s9999 xx 000 0 und d
020 ## - INTERNATIONAL STANDARD BOOK NUMBER
International Standard Book Number 874718937
040 ## - CATALOGING SOURCE
Transcribing agency ARRUPELIB
050 ## - LIBRARY OF CONGRESS CALL NUMBER
Classification number HC502.M84 1976
100 ## - MAIN ENTRY--PERSONAL NAME
Personal name Munro, J.Forbes
245 ## - TITLE STATEMENT
Title Africa and the international economy, 1800-1960
245 ## - TITLE STATEMENT
Remainder of title an introduction to the modern economic history of Africa south of the Sahara
260 ## - PUBLICATION, DISTRIBUTION, ETC. (IMPRINT)
Place of publication, distribution, etc London
260 ## - PUBLICATION, DISTRIBUTION, ETC. (IMPRINT)
Name of publisher, distributor, etc Rowman and Littlefield
260 ## - PUBLICATION, DISTRIBUTION, ETC. (IMPRINT)
-- 1976
300 ## - PHYSICAL DESCRIPTION
Extent 230p. 23cm
700 ## - ADDED ENTRY--PERSONAL NAME
Personal name J.Forbes Munro
942 00 - ADDED ENTRY ELEMENTS (KOHA)
Koha issues (borrowed), all copies 1
Holdings
Withdrawn status Lost status Source of classification or shelving scheme Damaged status Not for loan Collection code Home library Current library Shelving location Date acquired Total Checkouts Full call number Barcode Date last seen Date checked out Copy number Price effective from Koha item type
    Library of Congress Classification     Main Collection ARRUPE LIBRARY ARRUPE LIBRARY   04/03/2013 1 HC502.M84 1976 46003044691 23/04/2018 03/09/2014 1 04/03/2013 Monograph ( Printed materials)

 

Arrupe Library. PO Box MP320 Mt Pleasant, Harare, Zimbabwe
263 242 745411|librarian@aju.ac.zw